History Quiz

Random History or Biography Quiz

25 Facts About James Madison Quiz Stats

 Plays Quiz Updated Jan 11, 2021

Support Sporcle.
Go Orange.
Score 0/25 Timer 08:00
0 Plays Today
% Correct
chess
92.5%
Inaugural Ball
92.4%
$5,000 bill
92.3%
oyster
90.9%
France
89.7%
Princeton University
87.7%
1814
86.7%
The Federalist Papers
85.6%
Thomas Jefferson
83.6%
twelve
83.1%
1789
82.6%
Montpelier
82%
U.S. Constitution
78.6%
% Correct
Abraham Lincoln
76%
seventeen
73.3%
United Kingdom
71.3%
Bill of Rights
71.3%
The University of Virginia
71.1%
Portugal
67.6%
John Payne Todd
57.6%
Patrick Henry
55%
Elbridge Gerry
46.5%
Aaron Burr
44.9%
George Clinton
39.8%
Paul Jennings
35.7%

You're not logged in!

Compare scores with friends on all Sporcle quizzes.
OR
Log In

From the Vault

PGA Championship Winners (A-Z)

by nspyred

We're just waiting until all the letters are represented in this quiz.
Remove Ads.
Support Sporcle.
Get the best of Sporcle when you Go Orange. This ad-free experience offers more features, more stats, and more fun while also helping to support Sporcle. Thank you for becoming a member.

Show Comments

Extras

Top Quizzes Today


Score Distribution

Your Account Isn't Verified!

In order to create a playlist on Sporcle, you need to verify the email address you used during registration. Go to your Sporcle Settings to finish the process.

Report this User

Report this user for behavior that violates our Community Guidelines.

Details: